000 00508nam a22001817a 4500
003 NUST-PNEC
005 20170116180701.0
008 140909b xxu||||| |||| 00| 0 eng d
040 _cPNEC
082 _a005.133 VIR
100 _9274
_aMr. Shafique-ur-Rehman
245 _aObject oriented programming CS-304 (Lecture Notes)
_cMr. Shafique-ur-Rehman
260 _aLahore
_bVirtual University of Pakistan
_cc.2012
300 _a349 p.:
_c26 cm.
500 _aLecture Notes
650 _xMIS
942 _2ddc
_cBK
999 _c60557
_d60557